| 000 | 00357nam a2200121 4500 | ||
|---|---|---|---|
| 999 |
_c13636 _d13636 |
||
| 008 | 190329b ||||| |||| 00| 0 eng d | ||
| 100 |
_937980 _aComanda, Zaldy |
||
| 245 |
_aCordillera leptospirosis cases up 31 percent/ _cZaldy Comanda |
||
| 260 |
_aPhilippines _bManila Bulletin _cc2018 |
||
| 300 | _apage 6. | ||
| 650 | 0 |
_937981 _aDiseases. |
|
| 942 |
_2ddc _cPER |
||